| 000 | 01024nam a2200301Ia 4500 | ||
|---|---|---|---|
| 003 | OSt | ||
| 005 | 20221005092425.0 | ||
| 006 | a|||||r|||| 00| 0 | ||
| 007 | ta | ||
| 008 | 221004b |||||||| |||| 00| 0 eng d | ||
| 020 |
_a9781138674097 (hbk) _cUKP 105.00 |
||
| 024 | _a38071 | ||
| 037 |
_b373, 12/03/2018, Classic Book Service _cTextual |
||
| 040 |
_aCRL _cCRL _beng |
||
| 041 |
_2eng _aeng |
||
| 082 | _aY15, Q7 | ||
| 100 |
_aHudson Christine Ed. _9617293 |
||
| 245 | 0 |
_aGender governane and feminist analysis _b missing in action? |
|
| 260 |
_aNew York _bRoutledge USA _c2017 |
||
| 300 |
_axiii,198p. _ccm. |
||
| 490 | _aRoutledge studies ingender and global politics | ||
| 650 |
_a GENDER ROLE _934120 |
||
| 650 | _aFEMINISM | ||
| 700 |
_a Ronnblom Malin Ed. _9617294 |
||
| 700 |
_a Teghtsoonian Katherine Ed. _9617295 |
||
| 942 |
_hY15, Q7 _cTEXL _2cc |
||
| 999 |
_c998819 _d998819 |
||